Statistics for top 25 best horror movies of all time (by IGN)

Click here to take the quiz!

General Stats

  • This quiz has been taken 304 times
  • The average score is 13 of 25

Answer Stats

description film% Correct
over the phone 'do you like scary movies'scream
96%
'here's Johnny'the shining
84%
'we're gonna need a bigger boat'jaws
80%
you can't, no you mustn't fall asleepa nightmare on elm street
79%
greatest found footage horror film ever for only 60,000 US dollarsthe blair witch project
78%
kid in clown costume stabs his own sister with kitchen knifehalloween
77%
'in space no one can hear you scream'alien
68%
serial-killer cannibal helps detective find another serial killersilence of the lambs
66%
part man, part bug, all brundleflythe fly
63%
'they're here'poltergeist
61%
the TV that killsthe ring
58%
an American howls at a british moon an American werewolf in London
56%
blood curdling classic from 1931dracula
55%
pazuzu makes this film a head spinnerthe exorcist
50%
George.A.Romero's refind zombie classic dawn of the dead
49%
'they're coming to get you Barbra'night of the living dead
49%
scientists test teenagers to see how they will survive in a horror moviethe cabin in the woods
47%
the most classic monster got married bride of Frankenstein
45%
'you cannot run, you cannot look, you cannot hide from _______'the babadook
34%
a film praised for body horror and considered as a film to base other body horrors off of the thing
34%
sweet swedish love story between two twelve year old children...except one is a vampirelet the right one in
32%
a coven of witches terrorize an american ballerina when she travels to germanysuspiria
28%
iconic for it's shower scenepyscho
16%
satan get's lucky with a normal human womanRosmary's baby
1%
bunch of american cannibals use power tool to great effectthe texas chainsaw massacare
1%

Score Distribution

Percentile by Number Answered

Percent of People with Each Score

Your Score History

You have not taken this quiz